[Event "FRA-chT"]
[Site "?"]
[Date "1989.??.??"]
[Round "?"]
[White "Grizou, Regis"]
[Black "Leriche, Eric"]
[Result "0-1"]
[WhiteElo "2235"]
[BlackElo "2210"]

1.d4 Nf6 2.Nf3 e6 3.c4 b6 4.Nc3 Bb7 5.Bg5 Be7 6.Qc2 d5 7.e3 O-O 8.Bxf6 Bxf6
9.Bd3 h6 10.cxd5 exd5 11.O-O-O c5 12.dxc5 bxc5 13.Nxd5 Bxd5 14.Bc4 Qb6 15.Rxd5 Na6
16.Rd7 Rab8 17.b3 Nb4 18.Qd2 Rbd8 19.Rd1 Rxd7 20.Qxd7 Nxa2+ 21.Kc2 Qa5 22.Rd2 Qc3+
23.Kd1 Qc1+ 24.Ke2 Nc3+ 25.Kd3 Rd8 26.Qxd8+ Bxd8 27.Rc2 Qd1+  0-1

[Event "FRA-chT"]
[Site "?"]
[Date "1989.??.??"]
[Round "?"]
[White "Flear, Glenn C"]
[Black "Kosten, Anthony C"]
[Result "0-1"]
[WhiteElo "2500"]
[BlackElo "2505"]

1.d4 Nf6 2.c4 e6 3.Nf3 b6 4.Nc3 Bb7 5.Qc2 Bb4 6.Bg5 h6 7.Bh4 O-O 8.e3 d6
9.Bd3 Nbd7 10.O-O-O Bxc3 11.bxc3 Qe7 12.Rhg1 c5 13.Nd2 b5 14.g4 g5 15.Bg3 Rfc8
16.h4 cxd4 17.exd4 Nb6 18.hxg5 hxg5 19.cxb5 a6 20.bxa6 Bxa6 21.Bxa6 Rxa6
22.Rh1 Nbd5 23.Nb1 Nb4 24.Qb3 Nxa2+ 25.Kc2 Nd5 26.Kd2 Naxc3 27.Nxc3 Nxc3
28.Rc1 Qa7 29.Rxc3 Ra2+ 30.Ke3 Rxc3+ 31.Qxc3 Ra3 32.Rc1 e5  0-1

[Event "FRA-chT"]
[Site "?"]
[Date "1989.??.??"]
[Round "?"]
[White "Levacic, Damir"]
[Black "Guenthner, Oliver"]
[Result "1/2-1/2"]
[WhiteElo "2285"]
[BlackElo "2325"]

1.d4 Nf6 2.Nf3 b6 3.c4 e6 4.Nc3 Bb4 5.Bg5 h6 6.Bh4 Bb7 7.e3 Bxc3+ 8.bxc3 d6
9.Bd3 g5 10.Bg3 Ne4 11.Qc2 f5 12.d5 exd5 13.cxd5 Bxd5 14.Nd4 Qf6 15.f3 Nxg3
16.hxg3 f4 17.Be4 c6 18.gxf4 gxf4 19.Bxd5 cxd5 20.exf4 Nd7 21.Kf1 Nc5 22.Rh5 O-O-O
23.Qf5+ Qxf5 24.Nxf5 Kd7 25.Rd1 Ne6 26.Rxd5 Nxf4 27.Rxd6+ Kc7 28.Rxd8 Rxd8
29.Rxh6 Rd2 30.Rh7+ Kb8 31.g3 Nd5 32.g4 Rxa2 33.g5 Rc2 34.g6 Rxc3 35.Ne7 Rxf3+
36.Kg2 Rf6 37.Nxd5 Rxg6+ 38.Kf3 Re6 39.Kf4 a5 40.Kf5 Rc6 41.Ke5 a4 42.Ne7 Rc7
43.Kd6 Kb7 44.Rh3 Rc1 45.Nd5  1/2-1/2

[Event "Frunze op"]
[Site "Frunze"]
[Date "1989.??.??"]
[Round "?"]
[White "Epishin, Vladimir"]
[Black "Tiviakov, Sergei"]
[Result "1-0"]
[WhiteElo "2460"]
[BlackElo "2480"]

1.d4 Nf6 2.c4 e6 3.Nf3 b6 4.Nc3 Bb7 5.a3 d5 6.cxd5 Nxd5 7.Qc2 Nxc3 8.bxc3 c5
9.e4 Nd7 10.Bf4 cxd4 11.cxd4 Rc8 12.Qb1 Be7 13.Bd3 O-O 14.O-O Rc3 15.Rc1 Rxc1+
16.Bxc1 e5 17.d5 f5 18.Bc4 Bf6 19.Be3 Qc8 20.Qa2 Kh8 21.Rd1 Nc5 22.exf5 Ne4
23.Rc1 Qd7 24.Bb3 Nd6 25.Re1 Nxf5 26.Bd2 Re8 27.Qc2 Nd6 28.Ng5 Bxg5 29.Bxg5 Nf7
30.Be3 Rd8 31.Rd1 Nd6 32.Qd3 Qb5 33.h3 Qxd3 34.Rxd3 Kg8 35.a4 Kf7 36.Bc1 e4
37.Rd1 a6 38.Ba3 b5 39.axb5 axb5 40.Rd4 Kf6 41.Bb2 Kf7 42.Ba3 Kf6 43.Bb4 Nc4
44.Bxc4 bxc4 45.d6 Ke6 46.Rxc4 Rc8 47.Rd4 Rc1+ 48.Kh2 Bc6 49.d7  1-0

[Event "Frunze op"]
[Site "Frunze"]
[Date "1989.??.??"]
[Round "?"]
[White "Ambarcumjan, Armen"]
[Black "Bagaturov, Giorgi"]
[Result "0-1"]
[WhiteElo "2350"]
[BlackElo "2370"]

1.d4 Nf6 2.c4 e6 3.Nf3 b6 4.Nc3 Bb7 5.a3 d5 6.cxd5 Nxd5 7.Qc2 Nxc3 8.bxc3 Nd7
9.e4 c5 10.Bd3 Qc7 11.Qb2 g6 12.O-O Bg7 13.Qe2 O-O 14.Bd2 c4 15.Bc2 e5 16.Rab1 Rac8
17.a4 exd4 18.cxd4 Rfe8 19.Bc3 Nc5 20.e5 Nd3 21.Bd2 Qd7 22.Be3 f6 23.Rfd1 fxe5
24.dxe5 Qg4 25.Bxd3 cxd3 26.Qa2+ Kh8 27.Ne1 Bxe5 28.h3 Qf5 29.Nxd3 Qe4 30.Ne1 Bg7
31.Rd7 Bc6 32.Rd3 Bxa4 33.Ra3 Rc4 34.Nf3 Rc2 35.Qf7 Rf8 36.Qxa7 Ra2 37.Nd2 Rxd2
38.Rxa4 Qxb1+ 39.Kh2 Rd1 40.Qe7 Qb5 41.Bh6 Qe5+ 42.Qxe5 Bxe5+ 43.f4 Bg7  0-1

[Event "Groningen op"]
[Site "Groningen"]
[Date "1989.??.??"]
[Round "7"]
[White "Kohlweyer, Bernd"]
[Black "Stohl, Igor"]
[Result "1/2-1/2"]
[WhiteElo "2365"]
[BlackElo "2455"]

1.Nf3 Nf6 2.c4 b6 3.d4 e6 4.Nc3 Bb7 5.a3 d5 6.cxd5 Nxd5 7.Qa4+ Nd7 8.Nxd5 Bxd5
9.Bg5 Be7 10.Bxe7 Qxe7 11.Ne5 a6 12.Nxd7 Qxd7 13.Qxd7+  1/2-1/2

[Event "EU-chT"]
[Site "Haifa"]
[Date "1989.??.??"]
[Round "9"]
[White "Alvarez Ibarra, D Rafael"]
[Black "Wirthensohn, Heinz"]
[Result "1/2-1/2"]
[WhiteElo "2365"]
[BlackElo "2405"]

1.d4 Nf6 2.Nf3 e6 3.c4 b6 4.Nc3 Bb7 5.a3 d5 6.cxd5 Nxd5 7.e3 Be7 8.Bb5+ c6
9.Bd3 O-O 10.e4 Nxc3 11.bxc3 c5 12.O-O Qc8 13.Bf4 Rd8 14.Qa4 cxd4 15.cxd4 Qd7
16.Qc2 Rc8 17.Qd2 Bd6 18.Rad1 Nc6 19.Bb1 Na5 20.Bxd6 Nc4 21.Ne5 Nxd2 22.Nxd7 Nxf1
23.Bf4 f6 24.Kxf1 Bc6 25.Nb8 Raxb8 26.Bxb8 Rxb8 27.Ke2 Kf7 28.Bd3 Bb7 29.f4 Rc8
30.Kd2 Ke7  1/2-1/2

[Event "Helsinki"]
[Site "Helsinki"]
[Date "1989.??.??"]
[Round "4"]
[White "Diesen, Bruce"]
[Black "Kanko, Ilkka"]
[Result "1-0"]
[WhiteElo "2330"]
[BlackElo "2315"]

1.d4 Nf6 2.c4 e6 3.Nf3 b6 4.Nc3 Bb7 5.Bg5 Be7 6.e3 O-O 7.Bd3 c5 8.O-O cxd4
9.exd4 d5 10.Bxf6 Bxf6 11.cxd5 exd5 12.Qa4 Nc6 13.Rfe1 a6 14.Rad1 b5 15.Qb3 Na5
16.Qc2 h6 17.Bf5 Qd6 18.Ne5 Rfe8 19.f4 Re7 20.Ne2 Nc4 21.Ng3 Qb4 22.b3 Nxe5
23.fxe5 Bh4 24.Re3 a5 25.Bh7+ Kh8 26.Nf5 Rc8 27.Qd3 Bg5 28.Rg3 Rec7 29.Nd6 Rf8
30.a3 Qxa3 31.Nxb5 Qe7 32.Nxc7 Qxc7 33.Rxg5 hxg5 34.Qh3 Rb8 35.Rf1  1-0

[Event "JUG-ch"]
[Site "?"]
[Date "1989.??.??"]
[Round "?"]
[White "Maksimovic, Branimir"]
[Black "Abramovic, Bosko"]
[Result "0-1"]
[WhiteElo "2425"]
[BlackElo "2485"]

1.d4 Nf6 2.c4 e6 3.Nf3 b6 4.Nc3 Bb7 5.a3 d5 6.cxd5 exd5 7.g3 Be7 8.Bg2 O-O
9.O-O Qc8 10.Bf4 c5 11.Rc1 Na6 12.Qc2 Rd8 13.Rfd1 h6 14.Qb3 Nc7 15.Ne5 Ne6
16.dxc5 Nxc5 17.Qa2 Qe6 18.b4 Bd6 19.Nxd5 Bxe5 20.Nxf6+ Qxf6 21.Bxe5 Qxe5
22.bxc5 Bxg2 23.Kxg2 Rxd1 24.Rxd1 Qxc5 25.e4 Qc7 26.Qd5 Rc8 27.Rd3 Qe7 28.e5 Rc5
29.Qa8+ Kh7 30.Qe4+ g6 31.Re3 Qe6 32.f4 Kg7 33.h3 h5 34.Rf3 b5 35.Rf2 a5
36.Qf3 b4 37.axb4 axb4 38.Rb2 Rc3 39.Qe4 b3 40.Rf2 Qc4 41.Qxc4 Rxc4 42.Rf1 Rc2+
43.Kf3 Rc3+ 44.Kf2 h4 45.gxh4 Rxh3 46.Kg2 Rc3 47.h5 b2 48.Rb1 Rb3 49.Kf2 gxh5
50.f5 h4 51.Kg2 Kh6 52.Kf2 Kg5 53.e6 fxe6 54.fxe6 Kf6 55.Ke2 h3 56.Kf2 Kxe6
57.Kg1 Kd5 58.Kh2 Ke4 59.Re1+ Kd3  0-1

[Event "JUG-ch"]
[Site "?"]
[Date "1989.??.??"]
[Round "?"]
[White "Kozul, Zdenko"]
[Black "Lalic, Bogdan"]
[Result "1-0"]
[WhiteElo "2490"]
[BlackElo "2525"]

1.d4 Nf6 2.Nf3 e6 3.c4 b6 4.Nc3 Bb7 5.a3 d5 6.cxd5 Nxd5 7.e3 Be7 8.Bb5+ c6
9.Bd3 Nxc3 10.bxc3 c5 11.O-O O-O 12.Bb2 Nc6 13.Qe2 Bf6 14.Rad1 cxd4 15.exd4 Rc8
16.c4 Na5 17.Ne5 Bxe5 18.dxe5 Qh4 19.f4 Nb3 20.Bc2 Nc5 21.f5 Rfd8 22.f6 Ba6
23.g3 Qh3 24.Rxd8+ Rxd8 25.Rd1 Rd7 26.Qf3 gxf6 27.Qa8+  1-0

[Event "JUG-ch"]
[Site "?"]
[Date "1989.??.??"]
[Round "?"]
[White "Djuric, Stefan"]
[Black "Abramovic, Bosko"]
[Result "1/2-1/2"]
[WhiteElo "2475"]
[BlackElo "2485"]

1.d4 Nf6 2.c4 e6 3.Nf3 b6 4.Nc3 Bb7 5.a3 d5 6.Bg5 Be7 7.Bxf6 Bxf6 8.cxd5 exd5
9.g3 O-O 10.Bg2 c5 11.O-O Na6 12.e3 Re8 13.Rc1 Qe7 14.Qa4 Nc7 15.Rfd1 Ne6
16.h4 g6 17.b4 Red8 18.bxc5 bxc5 19.Rb1 Qc7 20.Ng5 Bxg5 21.hxg5 cxd4 22.exd4 Bc6
23.Qc2 Qe7 24.Ne4 dxe4 25.Qxc6 Nxg5 26.Rb7 Qe6 27.Qxe6 fxe6 28.Kf1 Rd5 29.Ke2 Ra5
30.Rb3 Rc8 31.Ke3 Rc2 32.Rdb1 Kg7 33.Rb7+ Kf6 34.R1b3 h5 35.Rb8 Ra2 36.Bxe4 R5xa3
37.Bd3 Rxb3 38.Rxb3 Nh3 39.Be2 a5 40.f4 a4 41.Rc3 Ra1 42.d5 exd5 43.Rc6+ Kg7
44.Bd3 a3 45.Rxg6+ Kf8 46.Ra6 a2 47.Kd4 h4 48.gxh4 Nxf4 49.Bc2 Ne2+ 50.Kc5 Ke7
51.h5 Nf4 52.Kd4 Ne2+ 53.Kc5 Nf4 54.Kd4  1/2-1/2

[Event "Kiev"]
[Site "Kiev"]
[Date "1989.??.??"]
[Round "?"]
[White "Rashkovsky, Nukhim N"]
[Black "Zhidkov, Valery S"]
[Result "1/2-1/2"]
[WhiteElo "2520"]
[BlackElo "2460"]

1.d4 Nf6 2.Nf3 e6 3.c4 b6 4.Nc3 Bb7 5.Bg5 h6 6.Bh4 Bb4 7.e3 Bxc3+ 8.bxc3 d6
9.Nd2 g5 10.Bg3 Qe7 11.h4 Rg8 12.hxg5 hxg5 13.Be2 Nc6 14.Qa4 O-O-O 15.Bf3 Qd7
16.Rh6 Na5 17.Qb5 a6 18.Qxd7+ Nxd7 19.Ke2 Rg7 20.Rah1 Rdg8 21.Rh7 Bxf3+ 22.gxf3 Rxh7
23.Rxh7 f5 24.Re7 Nf8 25.Re8+ Kd7 26.Ra8 Nc6 27.c5 bxc5 28.dxc5 e5 29.f4 exf4
30.exf4 gxf4 31.Bxf4 Rg4 32.Bh2 Ne6 33.cxd6 Ra4 34.dxc7 Nxc7 35.Rf8 Ne6 36.Rf7+ Ke8
37.Rh7 Rxa2 38.Kd3  1/2-1/2

[Event "Leningrad-chT"]
[Site "Leningrad"]
[Date "1989.??.??"]
[Round "?"]
[White "Orlov, Georgi"]
[Black "Levin, Felix"]
[Result "1/2-1/2"]
[WhiteElo "2515"]
[BlackElo "2305"]

1.d4 Nf6 2.Nf3 e6 3.c4 b6 4.Nc3 Bb7 5.a3 d5 6.cxd5 Nxd5 7.Qa4+ Nd7 8.Nxd5 Bxd5
9.Qc2 Bb7 10.e4 c5 11.Bf4 cxd4 12.Rd1 a6 13.Rxd4 Bc5 14.Rd2 Qc8 15.Bd3 Be7
16.Qb1 Nc5 17.Bc2 a5 18.O-O a4 19.Nd4 O-O 20.e5 g6 21.Re1 Rd8 22.Qd1 Rd5
23.Bb1 Qe8 24.Ba2 Rdd8 25.Qg4 Bd5 26.Bb1 Nb3 27.Nxb3 Bxb3 28.h4 Rxd2 29.Bxd2 Qd8
30.Be3 Bxh4 31.Bxb6 Qd2 32.Qe2 Qxe2 33.Rxe2 Rc8 34.Be3 Be7 35.Be4 Bc5 36.Bg5 Rc7
37.Rd2 Be7 38.Bh6 Rc8 39.Rd7 Bf8 40.Bb7 Rb8 41.Be3 Bg7 42.Ba7 Re8 43.Bd4 Rf8
44.Bc6 Rc8 45.Bb5 Rc1+ 46.Kh2 Rd1 47.Bc3 Rxd7 48.Bxd7 Kf8 49.Bc6 Ke7 50.Kg3 f6
51.f4 fxe5 52.Bxe5 Bf6 53.Be4 Kf7 54.Bc3 h6 55.Kf2 g5 56.fxg5 Bxg5 57.Bc6 Bc2
58.Bb5 Bb3 59.Ke2 Bc2 60.Bc4 Ke7 61.Bd2 Bf6 62.Bc3 Bg5 63.Bb4+ Kf7 64.Ke1 Bc1
65.Bc3 h5 66.Be2 Kg6 67.Bd1 Bxd1 68.Kxd1 Bf4 69.Kc2 e5 70.b3 axb3+ 71.Kxb3 Kf5
72.a4 e4  1/2-1/2

[Event "Leningrad-chT"]
[Site "Leningrad"]
[Date "1989.??.??"]
[Round "?"]
[White "Komarov, Dimitri"]
[Black "Aseev, Konstantin N"]
[Result "0-1"]
[WhiteElo "2390"]
[BlackElo "2485"]

1.d4 Nf6 2.c4 e6 3.Nf3 b6 4.Nc3 Bb7 5.a3 d5 6.cxd5 Nxd5 7.e3 Be7 8.Bb5+ c6
9.Bd3 Nxc3 10.bxc3 c5 11.O-O O-O 12.Qe2 Nc6 13.Bb2 cxd4 14.cxd4 Bf6 15.Rad1 Rc8
16.e4 Na5 17.Rfe1 Re8 18.h3 Bc6 19.d5 Ba4 20.e5 exd5 21.Bf5 Bxd1 22.Qxd1 Nc4
23.Ba1 Be7 24.e6 Nd6 25.Ne5 Bf6 26.Qh5 g6 27.exf7+ Nxf7 28.Bxg6 hxg6 29.Qxg6+ Bg7
30.Qxf7+ Kh7 31.Qg6+ Kg8 32.Qf7+ Kh7 33.Rd1 Qg5 34.f4 Qf6 35.Qh5+ Kg8 36.Ng6 Qf7
37.Bxg7 Kxg7 38.Rxd5 Rc6 39.Nh4 Rc1+  0-1

[Event "Lugano op"]
[Site "Lugano"]
[Date "1989.??.??"]
[Round "1"]
[White "Schneiders, Albert"]
[Black "Brenninkmeijer, Joris"]
[Result "0-1"]
[WhiteElo "2255"]
[BlackElo "2415"]

1.d4 Nf6 2.c4 e6 3.Nf3 b6 4.Nc3 Bb7 5.Qc2 c5 6.dxc5 bxc5 7.Bg5 Be7 8.e3 O-O
9.Be2 d6 10.O-O Nbd7 11.Rad1 Qb6 12.Nd2 h6 13.Bh4 Rad8 14.Bf3 d5 15.Bg3 Bc6
16.cxd5 exd5 17.Qb3 Qxb3 18.Nxb3 Nb6 19.Na5 Ba8 20.Nb5 Rd7 21.Nc7 Bd6 22.Bxd6 Rxd6
23.e4 Rd7 24.Nxa8 dxe4 25.Rxd7 Nbxd7 26.Bxe4 Nxe4 27.Rd1 Nb6 28.Nc7 Rc8 29.Nb5 a6
30.Na3 Kf8 31.f3 Nf6 32.Rd6 Nbd5 33.N3c4 Re8 34.Kf2 Re6 35.Rd8+ Ke7 36.Rc8 Nb4
37.g4 g5 38.a3 Nd3+ 39.Kg3 Re1 40.Nc6+ Ke6 41.Kg2 Re2+ 42.Kg1 Re1+ 43.Kg2 Nd5
44.Re8+ Kd7 45.Rxe1 Nxe1+ 46.Kf1 Nxf3 47.N6e5+ Nxe5 48.Nxe5+ Ke6 49.Nc4 f5
50.gxf5+ Kxf5 51.Nd6+ Ke5 52.Nf7+ Kd4 53.Nxh6 Kd3 54.Nf7 Kc2 55.Ne5 a5 56.Ke2 Nb6
57.Nf3 Kxb2 58.Nxg5 c4 59.Nf3 Kxa3 60.h4 Nd5 61.Ne5 Kb3 62.Kd1 a4 63.Kc1 a3
64.Nf3 a2 65.Nd4+ Kc3 66.Nc2 Nb4 67.Na1 Nd3+ 68.Kd1 Kb2 69.h5 Nf2+ 70.Ke2 Kxa1
71.h6 Kb1  0-1

[Event "Lugano op"]
[Site "Lugano"]
[Date "1989.??.??"]
[Round "2"]
[White "Piket, Jeroen"]
[Black "Huss, Andreas"]
[Result "1/2-1/2"]
[WhiteElo "2355"]
[BlackElo "2360"]

1.d4 e6 2.c4 Nf6 3.Nf3 b6 4.Nc3 Bb4 5.Bg5 Bb7 6.e3 h6 7.Bh4 Bxc3+ 8.bxc3 d6
9.Nd2 Nbd7 10.f3 Qe7 11.e4 e5 12.Be2 O-O-O 13.Qa4 Kb8 14.O-O-O g5 15.Bf2 Nh5
16.Rhe1 Nf4 17.Bf1 c5 18.g3 Ng6 19.d5 h5 20.Bd3 Qf6 21.Rg1 h4 22.Rdf1 hxg3
23.hxg3 Rh2 24.Qd1 Rdh8 25.Rh1 Qg7 26.Be3 f6 27.Rxh2 Rxh2 28.Rh1 Qh7 29.Rxh2 Qxh2
30.Qg1 Qxg1+ 31.Bxg1 Ndf8 32.Nf1 Bc8 33.Ne3 Ne7 34.Bf2  1/2-1/2

[Event "Lugano op"]
[Site "Lugano"]
[Date "1989.??.??"]
[Round "4"]
[White "Piket, Jeroen"]
[Black "Langeweg, Kick"]
[Result "1/2-1/2"]
[WhiteElo "2500"]
[BlackElo "2365"]

1.d4 Nf6 2.Nf3 e6 3.c4 b6 4.Nc3 Bb7 5.a3 d5 6.Ne5 Be7 7.cxd5 Nxd5 8.Qa4+ c6
9.Nxd5 Qxd5 10.f3 O-O 11.e4 Qd8 12.Be3 c5 13.O-O-O Qc7 14.Kb1 Nc6 15.Nxc6 Bxc6
16.Qc2 cxd4 17.Bxd4 Qb7 18.Be2  1/2-1/2

[Event "Montpellier-A"]
[Site "Montpellier"]
[Date "1989.??.??"]
[Round "?"]
[White "Levacic, Damir"]
[Black "Skembris, Spyridon"]
[Result "0-1"]
[WhiteElo "2340"]
[BlackElo "2420"]

1.d4 Nf6 2.Nf3 e6 3.c4 b6 4.Nc3 Bb7 5.Bg5 Bb4 6.e3 h6 7.Bh4 Bxc3+ 8.bxc3 d6
9.Bd3 Nbd7 10.O-O O-O 11.Nd2 Qe8 12.f4 d5 13.cxd5 exd5 14.Qe2 Nh7 15.g4 c5
16.Rf2 Rc8 17.Nf3 cxd4 18.cxd4 Ndf6 19.Rg2 Ne4 20.g5 hxg5 21.fxg5 Qe6 22.Ne5 Qh3
23.Rg4 Rc3 24.g6 fxg6 25.Rxe4 g5 26.Rg4 gxh4 27.Bxh7+ Kxh7 28.Re1 Kg8 29.Rf4 Rxf4
30.exf4 Qf5 31.Qf2 Qh5 32.f5 Qg5+ 33.Kh1 h3 34.Rg1 Rc1 35.Ng6 Ba6 36.Ne7+ Kf7  0-1

[Event "URS-ch sf"]
[Site "Moscow"]
[Date "1989.??.??"]
[Round "?"]
[White "Baikov, Vladimir A"]
[Black "Kishnev, Sergey"]
[Result "1/2-1/2"]
[WhiteElo "2345"]
[BlackElo "2375"]

1.c4 Nf6 2.d4 e6 3.Nf3 b6 4.Nc3 Bb7 5.a3 d5 6.cxd5 Nxd5 7.Bd2 Be7 8.Qc2 Nd7
9.e4 Nxc3 10.Bxc3 O-O 11.Rd1 Qe8 12.Bd3 c5 13.Bb5 Qc8 14.O-O cxd4 15.Rxd4 Nc5
16.Rfd1 Rd8 17.Rxd8+ Bxd8 18.Rd4 e5 19.Nxe5 Bf6 20.f4 Bxe5 21.fxe5 Ne6 22.Rc4 Qd8
23.Qd2 Qh4 24.Qf2 Qh5 25.Bc6 Rc8 26.Bd5 Rxc4 27.Bxc4 Bxe4 28.Bxe6  1/2-1/2

[Event "Moscow op"]
[Site "Moscow"]
[Date "1989.??.??"]
[Round "?"]
[White "Verner, A."]
[Black "Kachar, Vladimir"]
[Result "1-0"]
[WhiteElo "2320"]
[BlackElo "2300"]

1.d4 Nf6 2.c4 e6 3.Nf3 b6 4.Nc3 Bb7 5.Bg5 Bb4 6.Qc2 h6 7.Bh4 g5 8.Bg3 Bxc3+
9.bxc3 Ne4 10.e3 f5 11.Bd3 Rg8 12.O-O-O Na6 13.Kb2 Qe7 14.Qa4 O-O-O 15.c5 Nb8
16.Qxa7 bxc5 17.Rb1 Nc6 18.Qa4 cxd4 19.Bxe4 fxe4 20.Ka1 d6 21.Nxd4 Nxd4 22.cxd4 Qe8
23.Qa5 Rg7 24.Rhc1 c6 25.Rc3 Rc7 26.Rcb3 Kb8 27.Qxc7+  1-0

[Event "Moscow op"]
[Site "Moscow"]
[Date "1989.??.??"]
[Round "?"]
[White "Baikov, Vladimir A"]
[Black "Mitenkov, Alexey"]
[Result "1-0"]
[WhiteElo "2345"]
[BlackElo "2350"]

1.d4 Nf6 2.c4 e6 3.Nf3 b6 4.Nc3 Bb7 5.a3 d5 6.cxd5 Nxd5 7.Bd2 Be7 8.Qc2 O-O
9.e4 Nxc3 10.Bxc3 c5 11.dxc5 Bxc5 12.Bd3 Nc6 13.Rd1 Qc7 14.b4 Be7 15.Qb2 g6
16.O-O Rfd8 17.b5 Na5 18.Ne5 Bf6 19.Rc1 Rac8 20.Bb1 Qd6 21.f4 Qc5+ 22.Kh1 Bg7
23.Bxa5  1-0

[Event "URS-ch sf"]
[Site "Moscow"]
[Date "1989.??.??"]
[Round "?"]
[White "Kishnev, Sergey"]
[Black "Dragomarezkij, Evgeni"]
[Result "1-0"]
[WhiteElo "2375"]
[BlackElo "2325"]

1.d4 Nf6 2.Nf3 e6 3.c4 b6 4.Nc3 Bb7 5.a3 d5 6.cxd5 exd5 7.g3 Be7 8.Bg2 O-O
9.O-O Na6 10.Qc2 Qc8 11.Bf4 c5 12.Be5 Ng4 13.Bh3 Qe6 14.Rad1 Rfd8 15.dxc5 Nxc5
16.Bc7 Rdc8 17.Nd4 Qd7 18.Bf4 Bf6 19.f3 Ne3 20.Bxd7 Nxc2 21.Bxc8 Bxd4+ 22.Rxd4 Nxd4
23.Bxb7 Nxb7 24.Rd1 Ne6 25.Rxd5 Nxf4 26.gxf4 Kf8 27.Kf2 Ke7 28.Rg5 Rg8 29.Nb5 a5
30.Nc3 Nd6 31.Nd5+ Ke6 32.Re5+  1-0

[Event "Munich"]
[Site "Munich"]
[Date "1989.??.??"]
[Round "?"]
[White "Piket, Jeroen"]
[Black "Petursson, Margeir"]
[Result "1/2-1/2"]
[WhiteElo "2500"]
[BlackElo "2530"]

1.d4 Nf6 2.Nf3 e6 3.c4 b6 4.Nc3 Bb7 5.a3 d5 6.Bg5 Be7 7.Bxf6 Bxf6 8.cxd5 exd5
9.Qb3 O-O 10.Rd1 Re8 11.e3 Re7 12.Be2 c6 13.O-O Na6 14.Rfe1 Nc7 15.Bf1 g6
16.g3 Bg7 17.Bg2 Qd6 18.h4 Rd8 19.Qa4 Ra8 20.Qb3 Ne6 21.e4 dxe4 22.Nxe4 Qc7
23.h5 Rd8 24.h6 Bxh6 25.d5 cxd5 26.Nf6+ Kh8 27.Nxd5 Rxd5 28.Rxd5 Bxd5 29.Qxd5 Rd7
30.Qe4 Kg8 31.Bh3 Rd6 32.Bxe6 Rxe6 33.Qa8+ Bf8 34.Rxe6 fxe6 35.Nd4 Qc1+ 36.Kg2 Qc4
37.Nc6 a5 38.Qe8 Qd5+ 39.f3 Qd2+ 40.Kh3 Qd6 41.a4 Kg7 42.Nd8 Qe7 43.Nxe6+ Kf6
44.Qxf8+ Kxe6 45.Qb8  1/2-1/2

[Event "Naleczow op"]
[Site "Naleczow"]
[Date "1989.??.??"]
[Round "?"]
[White "Sakhatova, Gulnar"]
[Black "Kasperek, Ryszard"]
[Result "0-1"]
[WhiteElo "2255"]
[BlackElo "2290"]

1.d4 Nf6 2.c4 e6 3.Nf3 b6 4.Nc3 Bb4 5.Bg5 Bb7 6.e3 h6 7.Bh4 Bxc3+ 8.bxc3 d6
9.Nd2 g5 10.Bg3 Qe7 11.f3 e5 12.e4 Nbd7 13.a4 a5 14.Rb1 h5 15.c5 dxc5 16.Nc4 h4
17.Bxe5 Nxe5 18.Nxe5 O-O-O 19.Bc4 h3 20.g3 cxd4 21.cxd4 Kb8 22.O-O g4 23.Ba6 Nd7
24.Nxd7+ Rxd7 25.Bxb7 Kxb7 26.Qd3 Rhd8 27.d5 f5 28.Rb5 gxf3 29.exf5 Qe5 30.f6 Qxf6
31.Qe4 Re7 32.Qxf3 Qxf3 33.Rxf3 Re4 34.d6 Rxd6 35.Rh5 Rxa4 36.Rxh3 Ra2 37.g4 a4
38.Rhg3 a3 39.Rf1 b5 40.g5 b4 41.g6 Rb2  0-1

[Event "New York op"]
[Site "New York"]
[Date "1989.??.??"]
[Round "7"]
[White "Gelfand, Boris"]
[Black "Ivanov, Alexander"]
[Result "1/2-1/2"]
[WhiteElo "2600"]
[BlackElo "2470"]

1.d4 Nf6 2.c4 e6 3.Nf3 b6 4.Nc3 Bb4 5.Bg5 Bb7 6.Qc2 h6 7.Bh4 Bxc3+ 8.Qxc3 g5
9.Bg3 Ne4 10.Qc2 d6 11.d5 exd5 12.cxd5 Bxd5 13.O-O-O Bb7 14.Nd4 Nd7 15.f3 Nxg3
16.hxg3 Nc5 17.e4 Qf6 18.Bb5+ c6 19.Be2 a5 20.Nf5 O-O-O 21.Qc3 Qxc3+ 22.bxc3 Kc7
23.Nxh6 f6 24.Ng4 Nd7 25.f4 Rde8 26.Bf3 Ba6 27.Kb2 Bc4 28.Rxh8 Rxh8 29.Ne3 Be6
30.Nf5 Bxf5 31.exf5 d5 32.Re1 Rh2 33.fxg5 fxg5 34.g4 Kd6 35.Re6+ Kc5 36.c4 Kxc4
37.Rxc6+ Nc5 38.Rd6 Nd3+ 39.Ka3 Nf4 40.Rxb6 Nxg2 41.f6 Ne3 42.f7 Nc2+ 43.Ka4 Nd4
44.a3 Rh8 45.Bg2 Rf8 46.Rb7 Ne6 47.Re7 Nf4 48.Bf1+ Kc5 49.Bb5 d4 50.Rc7+ Kd6
51.Rd7+ Kc5 52.Rc7+ Kd6 53.Rb7 Kc5 54.Kb3 Ng6 55.Be8 Ne5 56.a4 Kd5 57.Rb5+ Ke4
58.Rxa5 Nxf7 59.Bxf7 Rxf7 60.Rxg5 Rc7 61.Rg8  1/2-1/2

[Event "Novi Sad op"]
[Site "Novi Sad"]
[Date "1989.??.??"]
[Round "1"]
[White "Torbica, M."]
[Black "Bagaturov, Giorgi"]
[Result "0-1"]
[WhiteElo "2260"]
[BlackElo "2370"]

1.d4 Nf6 2.Nf3 e6 3.c4 b6 4.Nc3 Bb7 5.Bg5 h6 6.Bh4 Be7 7.e3 c5 8.Be2 cxd4
9.Qxd4 O-O 10.O-O d6 11.Rfd1 Nbd7 12.Bg3 e5 13.Qd2 Nc5 14.Bh4 g5 15.Bg3 Qc8
16.Rac1 Nfe4 17.Qc2 Nxc3 18.Qxc3 f5 19.h3 Ne4 20.Qc2 Nxg3 21.fxg3 Qc5 22.Qd2 a5
23.a3 a4 24.Kh2 Rad8 25.Ne1 e4 26.Nc2 Qe5 27.Nb4 f4 28.gxf4 gxf4 29.exf4 Rxf4
30.Kg1 e3 31.Qc3 Rf2 32.Qxe5 Rxg2+ 33.Kf1 dxe5 34.Rxd8+ Bxd8 35.Nd5 Rh2 36.Rc3 Bg5
37.h4 Rxh4 38.Kg2 Rd4 39.Bf3 Rd2+ 40.Kg3 e2  0-1

[Event "Novi Sad op"]
[Site "Novi Sad"]
[Date "1989.??.??"]
[Round "1"]
[White "Bulajic, Ratko"]
[Black "Panzalovic, Srdjan"]
[Result "0-1"]
[WhiteElo "2230"]
[BlackElo "2325"]

1.d4 Nf6 2.c4 e6 3.Nf3 b6 4.Nc3 Bb4 5.g3 Bb7 6.Bg2 O-O 7.O-O Bxc3 8.bxc3 d6
9.Nd2 Bxg2 10.Kxg2 Nc6 11.f4 d5 12.e3 Na5 13.Qf3 Qd7 14.c5 Qa4 15.g4 Nc4
16.Nb3 Ne4 17.f5 Qd7 18.Kh1 a5 19.Qe2 exf5 20.gxf5 Rfe8 21.Qg2 f6 22.Rf3 Ng5
23.Rf4 a4 24.Nd2 Nxe3 25.Qf2 Nh3  0-1

[Event "Paris-ch"]
[Site "Paris"]
[Date "1989.??.??"]
[Round "7"]
[White "Flear, Glenn C"]
[Black "Abramovic, Bosko"]
[Result "0-1"]
[WhiteElo "2500"]
[BlackElo "2485"]

1.d4 Nf6 2.c4 e6 3.Nf3 b6 4.Nc3 Bb7 5.Bg5 h6 6.Bh4 Be7 7.Qc2 d5 8.Bxf6 Bxf6
9.cxd5 exd5 10.g3 O-O 11.Bg2 c5 12.Rd1 Qe7 13.O-O Na6 14.Rfe1 Rfd8 15.e4 Nb4
16.Qb1 dxe4 17.Nxe4 Bxe4 18.Rxe4 Qd6 19.Rd2 c4 20.Ne5 Rac8 21.Bh3 Rc7 22.Rde2 Bxe5
23.Rxe5 g6 24.Re8+ Rxe8 25.Rxe8+ Kg7 26.Qe4 Nd5 27.Qe5+ Qxe5 28.Rxe5 Nb4
29.a3 Nd3 30.Re2 f5 31.d5 Kf6 32.Bf1 b5 33.Rd2 Rd7 34.Bg2 Ke5 35.Re2+ Kd4
36.f4 a5 37.h4 h5 38.Bf3 b4 39.axb4 axb4 40.Kg2 b3 41.Kh3 Rd8  0-1

[Event "Podolsk GMA-qual"]
[Site "Podolsk"]
[Date "1989.??.??"]
[Round "?"]
[White "Anastasian, Ashot"]
[Black "Shneider, Aleksandr"]
[Result "1-0"]
[WhiteElo "2495"]
[BlackElo "2495"]

1.d4 Nf6 2.c4 e6 3.Nf3 b6 4.Nc3 Bb4 5.Bg5 Bb7 6.e3 h6 7.Bh4 Bxc3+ 8.bxc3 d6
9.Nd2 Nbd7 10.f3 Qe7 11.a4 a5 12.e4 e5 13.Bd3 g5 14.Bf2 Nh5 15.g3 f5 16.exf5 exd4+
17.Be4 dxc3 18.O-O O-O-O 19.Bxb7+ Kxb7 20.Ne4 Nhf6 21.Nxc3 Qf7 22.Rc1 Ne5
23.Bd4 Rhe8 24.f4 gxf4 25.Rxf4 h5 26.Qf1 Kb8 27.Re1 Qd7 28.c5 dxc5 29.Bxe5 Ng4
30.Rxg4 hxg4 31.Nb5 Kb7 32.f6 Rc8 33.Qf4 Qd5 34.f7 Re7 35.Nxc7 Qxf7 36.Qe4+ Ka7
37.Nb5+ Ka6 38.Nd6 Qe6 39.Nxc8 Qxc8 40.Qc4+ Kb7 41.Bc3 Rxe1+ 42.Bxe1 Qd7
43.Qe4+ Ka7 44.h4 gxh3 45.Kh2 Qd1 46.g4 c4 47.g5 Qb3 48.Qe7+ Ka6 49.Qf8 Kb7
50.Qf7+ Ka6 51.g6 Qc2+ 52.Kxh3 c3 53.Bg3 Qd3 54.g7 Qh7+ 55.Kg4 Qe4+ 56.Kh5 Qe2+
57.Kh4 Qe4+ 58.Kg5 Qe3+ 59.Bf4 Qg1+ 60.Kh6 Qh1+ 61.Kg6 Qc6+ 62.Kh7 Qe4+ 63.Kh8 Qd4
64.Bg5  1-0

[Event "Bohemians"]
[Site "Prague"]
[Date "1989.??.??"]
[Round "?"]
[White "Vokac, Marek"]
[Black "Hansen, Curt"]
[Result "1/2-1/2"]
[WhiteElo "2445"]
[BlackElo "2545"]

1.d4 Nf6 2.c4 e6 3.Nf3 b6 4.Nc3 Bb7 5.a3 d5 6.cxd5 Nxd5 7.Qc2 Nxc3 8.bxc3 Be7
9.Bb2 c5 10.e3 Nd7 11.Bd3 Bxf3 12.gxf3 g6 13.Rd1 O-O 14.h4 Nf6 15.h5 Nxh5
16.d5 e5 17.c4 Ng7 18.Bxe5 Bd6 19.Qb2 Bxe5 20.Qxe5 Ne8 21.Ke2 Qd6 22.f4 f5
23.Rdg1 Qf6 24.Rh5 Nd6 25.Qxf6 Rxf6 26.Rhh1 b5 27.Rc1 bxc4 28.Bxc4 Rf7 29.Rc2 Rd8
30.Rhc1 Nxc4 31.Rxc4 Rxd5 32.Rxc5 Rdd7  1/2-1/2

[Event "Prague Vysehrad"]
[Site "Prague"]
[Date "1989.??.??"]
[Round "1"]
[White "Szymczak, Zbigniew"]
[Black "Luce, Sebastien"]
[Result "0-1"]
[WhiteElo "2400"]
[BlackElo "2340"]

1.d4 e6 2.c4 Nf6 3.Nf3 b6 4.Nc3 Bb4 5.Qc2 Bb7 6.a3 Bxc3+ 7.Qxc3 Ne4 8.Qc2 O-O
9.e3 d6 10.Bd3 f5 11.b4 a5 12.b5 Rf6 13.O-O Rh6 14.d5 Nd7 15.Nd4 Qh4 16.h3 Ndc5
17.Bxe4 fxe4 18.f4 Qg3 19.Ne2 Qg6 20.dxe6 Qxe6 21.f5 Qf6 22.Bb2 Qg5 23.Nf4 Rf8
24.f6 gxf6 25.Bd4 Nd3 26.Ne6 Qg3 27.Kh1 Bc8 28.Nxf8 Bxh3 29.Kg1 Bg4 30.Qxd3 Qh2+
31.Kf2 exd3 32.Rh1 Qxh1  0-1

[Event "Ptuj"]
[Site "Ptuj"]
[Date "1989.??.??"]
[Round "5"]
[White "Kozul, Zdenko"]
[Black "Brglez, Rado"]
[Result "1-0"]
[WhiteElo "2490"]
[BlackElo "2240"]

1.d4 Nf6 2.Nf3 e6 3.c4 b6 4.Nc3 Bb7 5.a3 d5 6.cxd5 Nxd5 7.e3 c5 8.Bb5+ Bc6
9.Qa4 Bxb5 10.Nxb5 Nd7 11.e4 a6 12.exd5 axb5 13.Qxb5 exd5 14.O-O Be7 15.Ne5 Ra5
16.Qc6 f6 17.Nf3 Qa8 18.Qe6 Nf8 19.Qxb6 c4 20.Re1 Kf7 21.Nh4 Bd8 22.Qb4 Ra4
23.Qb5 g6 24.Bh6 Be7 25.Re3 Ra5 26.Rae1 Ra7 27.Qa5 Bd6 28.Qb6 Rd7 29.Qxd6  1-0